00348nam a2200133Ia 4500003000900000008004100009040001300050040001300063100001800076245009200094260001400186300000800200490000600208IT-RoPAU120407s9999 xx 000 0 und d aIT-RoPAU cIT-RoPAU aMartin Bucero aLa Riforma a Strasburgo. Le carenze e i difetti delle chiese: come porvi rimedio (1546) aClaudiana c cm v1